Manchester City Squad 2023-2024 - Statistics

General Stats
  • This quiz has been taken 1,916 times
    1,656 since last reset
  • The average score is 21 of 25
Answer Stats
# Position Nation Player % Correct
9 FW Norway Erling Haaland
98%
17 MF Belgium Kevin De Bruyne
96%
3 DF Portugal Rúben Dias
96%
5 DF England John Stones
95%
2 DF England Kyle Walker
95%
6 DF Netherlands Nathan Aké
95%
31 GK Brazil Ederson
94%
47 FW England Phil Foden
94%
20 MF Portugal Bernardo Silva
93%
10 FW England Jack Grealish
92%
16 MF Spain Rodri
92%
19 FW Argentina Julián Álvarez
91%
8 MF Croatia Mateo Kovačić
91%
11 FW Belgium Jérémy Doku
90%
- Coach Spain Pep Guardiola
90%
24 DF Croatia Joško Gvardiol
89%
25 DF Switzerland Manuel Akanji
89%
18 GK Germany Stefan Ortega
83%
52 FW Norway Oscar Bobb
75%
82 DF England Rico Lewis
70%
33 GK England Scott Carson
69%
27 MF Portugal Matheus Nunes
68%
4 MF England Kalvin Phillips
58%
13 GK United States Zack Steffen
56%
21 DF Spain Sergio Gómez
50%
No matching quizzes found
Score Distribution
Percent of People with Each Score
Percentile by Number Answered
Your Score History
You have not taken this quiz since the last reset